LEADER 01041nam a2200241 i 4500 001 000000060687 003 CaOOAMICUS 005 20140521000000.0 008 140521s1981 it u000 u ita u 013 $a31859 040 $aSeMil$bita 100 1 $aPeri, Vittorio,$d<1932-2006>.$0(OLS)http://semarc/name/3601 245 13$aLa 'Grande Chiesa' Bizantina :$bl'ambito ecclesiale dell'Ortodossia /$cVittorio Peri. 260 $aBrescia :$bQueriniana,$ccopyr. 1981. 300 $a436 p. ;$c22 cm. 490 0 $aDipartimento di scienze religiose ;$v16 500 $aContiene : Bibliografia. 650 4$aChiesa Ortodossa.$0(OLS)http://semarc/subject/2381 830 0$aDipartimento di scienze religiose ;$v16.$0(OLS)http://semarc/title/6145 850 $aSeMil 852 $aSeMil$W1$xVenegono$y1$m3B III 171$j263738$B26840$CSeMilBibl$Z2$F26843 $81 996 $6245$aLa 'Grande Chiesa' Bizantina :$bl'ambito ecclesiale dell'Ortodossia$9(OLS)http://semarc/title/95175 996 $6260$aBrescia :$bQueriniana$9(OLS)http://semarc/publisher/29615 LEADER 01185nam a2200277 4500 001 000000348823 003 CaOOAMICUS 005 20211207093648.0 008 211207s2013 it 000 u ita r 020 $a978-88-215-9041-2 040 $aSeMil$bita 100 1 $aCheaib, Robert,$d<1981- >.$0(OLS)http://semarc/name/78088 245 13$aUn Dio umano :$bprimi passi nella fede cristiana /$cRobert Cheaib. 264 1$aCinisello Balsamo :$bSan Paolo,$c2013. 300 $a173 p. ;$c21 cm 490 1 $aLe ragioni della speranza ;$v84 650 4$aGesù Cristo - Umanità.$0(OLS)http://semarc/subject/5486 650 4$aUmanità di Dio.$0(OLS)http://semarc/subject/12132 830 3$aLe ragioni della speranza ;$v84.$0(OLS)http://semarc/title/9923 850 $aSeMil 852 $aSeMil$W1$xVenegono$y1$m2V II 153$j269092$B239920$CSeMilBibl$Z2$F239920 $81 961 $aConti don Gildo - Omaggio 996 $6020$a978-88-215-9041-2$9(OLS)http://semarc/number/294824 996 $6245$aUn Dio umano :$bprimi passi nella fede cristiana$9(OLS)http://semarc/title/438303 996 $6264$aCinisello Balsamo :$bSan Paolo$9(OLS)http://semarc/publisher/30129